000 01037cam a2200217 4500
001 ABS65974
008 020925n2002 000 0 eng u
035 _a(Sirsi) u119853
100 _aAllmendinger, P
245 _aNo future for zones
260 _c2002
490 _aPlanning (for the Natural and Built Environment)
_v(1480) 2 August 2002, 14(1)
520 _aArgues that the recent government announcement that business planning zones are to go ahead to 'speed up development and create jobs in high-unemployment areas' has been greeted with disappointment. It is thought that selective deregulation of planning will lead to more development, which is representative of a narrow business agenda. It is regarded that these new initiatives will make no more impact than their predecessors.
590 _aABS
650 _aPLANNING ZONES
650 _aBUSINESS PLANNING ZONES
650 _aSIMPLIFIED PLANNING ZONES
650 _aSPZS
690 _aENVIRONMENTAL AND LAND CONSULTANCY-PLANNING AND DEVELOPMENT
942 _n0
999 _c71232
_d71232